| 000 | 00844naa a2200253 c 4500 | ||
|---|---|---|---|
| 001 | 42848 | ||
| 003 | ES-MaCES | ||
| 005 | 20150929135605.0 | ||
| 008 | 120528n2005 sp d t 000 | spa d | ||
| 035 | _aCES20120004587v | ||
| 040 |
_aES-MaCES _bspa _cES-MaCES |
||
| 245 | 0 | 0 | _aFomento de la igualdad en las relaciones laborales |
| 650 | 4 |
_aacoso sexual _929555 |
|
| 650 | 4 |
_aacoso laboral _930708 |
|
| 650 | 4 |
_adiscriminación por razones de sexo _929521 |
|
| 650 | 4 |
_aigualdad de trato _930147 |
|
| 653 | 1 | 0 | _aMujer |
| 650 | 4 |
_928369 _arelaciones laborales |
|
| 650 | 4 |
_926752 _aUE |
|
| 773 | 0 |
_tPanorama sociolaboral de la mujer en España _gn. 41 (3er trim. 2005){10488 R. 062424}; p. 1-4 _w(ES-MaCES)25493 _961559 |
|
| 902 | _aART Artículo de revista | ||
| 942 |
_2CES _cAR _h3.3. |
||
| 999 |
_c42848 _d42848 |
||